000
00335nam a2200157Ia 4500
100
_a
Jhamb / L.C
490
_v
I
942
_c
BK
654
_a
Techniques VII
245
_a
Quantitative technology VI
260
_b
Everest Pub.House
_a
Mumbai
_c
1998
082
_a
658.4033
_b
IHA
300
_a
740
546
_a
ENGLISH
999
_c
35503
_d
35503